Výroba hlbokých otvorov na rotačnej súčiastke pomocou CNC sústruhu

Guardado en:
Detalles Bibliográficos
Autor principal: Kračmer, Mário (Autor)
Otros Autores: Jurina, František (Orientador)
Formato: Manuscrito Libro
Lenguaje:eslovaco
Publicado: 2023
Materias:
Acceso en línea:http://is.stuba.sk/zp/portal_zp.pl?podrobnosti=164005
Etiquetas: Agregar Etiqueta
Sin Etiquetas, Sea el primero en etiquetar este registro!

MARC

LEADER 00000ntm a22000003a 4500
001 stuzp93714
003 SK-STU
005 20230909215844.6
007 ta
008 150427s2015----xo-----f-mn---000-0-slo-d
040 |a STU  |b slo 
041 0 |a slo 
100 1 |a Kračmer, Mário  |u 063000  |4 aut  |U MTF Materiálovotechnologická fakulta  |T MTF Ústav výrobných technológií  |X 111825  |U M3000  |Y 83  |7 111825 
242 0 1 |a Production of the deep holes on rotating part using a CNC lathe  |y eng 
245 1 0 |a Výroba hlbokých otvorov na rotačnej súčiastke pomocou CNC sústruhu 
260 |c 2023 
650 4 |a vŕtanie  |2 slo 
650 4 |a hlboké vŕtanie  |2 slo 
650 4 |a vrták  |2 slo 
650 4 |a modulárny vrták  |2 slo 
650 4 |a drilling  |2 eng 
650 4 |a deep drilling  |2 eng 
650 4 |a drill  |2 eng 
650 4 |a modular drill  |2 eng 
700 1 |a Jurina, František  |u 063200  |k Z2  |4 ths  |U MTF Ústav výrobných technológií  |T MTF Katedra obrábania a počítačovej podpory technológií  |X 46002  |U M3200  |Y 164  |7 A000046002 
856 4 |u http://is.stuba.sk/zp/portal_zp.pl?podrobnosti=164005 
996 |c M* BP-9606  |l MMSKP  |s P  |a 0  |w stuzp93714_0001